| 000 | 00999nam a2200289 a 4500 | ||
|---|---|---|---|
| 001 | 4947 | ||
| 003 | BD-RjUL | ||
| 005 | 20211208234000.0 | ||
| 008 | 880808s1953 enk 000 0 eng u | ||
| 035 | _a(BD-RjUL)4983 | ||
| 040 |
_aBD-RjUL _beng _cBD-RjUL |
||
| 041 | _aeng | ||
| 082 |
_a 342.4202 _bAMT 1953-1964 |
||
| 100 | 1 |
_aAmery, L. S. _q(Leopold Stennett), _d1873-1955. _97493 |
|
| 245 | 1 | 0 |
_aThoughts on the Constitution / _cby L. S. Amery ; with a new Introduction by Geoffrey Marshall |
| 250 | _a2nd ed. , Oxford Paperbacks ed. | ||
| 260 |
_aLondon : _bOxford University Press, _c1953 [Print 1964) |
||
| 300 |
_axiv, 195 p. ; _c20 cm |
||
| 490 |
_aOxford Paperbacks ; _vNo. 87 |
||
| 500 | _aIncludes index | ||
| 504 | _aBibliography: p. [188] | ||
| 650 | 0 |
_aConstitutional law _zGreat Britain. _911694 |
|
| 651 |
_aGreat Britain _xConstitutional law. _9232762 |
||
| 700 |
_aMarshall, Geoffrey, Introducer _9232766 |
||
| 830 |
_aOxford Paperbacks ; _vNo. 87 _9232767 |
||
| 942 |
_2ddc _cBK |
||
| 999 |
_c4947 _d4947 |
||